000 00576nam a2200205Ia 4500
005 20250508162558.0
008 008 250505s9999 xx 000 0 eng d
020 _a0 521 25270 9
037 _aTextual
040 _aFEDL
_beng
_cFEDL
041 _aeng
_2eng
084 _a407, LON
_qFEDL
100 _aLonergan jack
_9773501
245 0 _aVideo in language teaching
260 _aCambridge
_bCambridge University Press
_c1984
300 _a133p
490 _aNew directions in language teaching
942 _cTEXL
_h407, LON
999 _c1377432
_d1377432